Bridge to Terabithia [kit] : youth book club
Available copies
- 1 of 1 copy available at LARL/NWRL Consortium.
Current holds
0 current holds with 1 total copy.
Show Only Available Copies
| Location | Call Number / Copy Notes | Barcode | Shelving Location | Status | Due Date |
|---|---|---|---|---|---|
| Godel Memorial-Warren Library | YOUTH BOOK CLUB KIT Bridge to Terabithia (Text) | 35500004801500 | Main | Available | - |
Record details
- ISBN: 9780064401845 (pbk)
- ISBN: 0788871269 (DVD)
- Physical Description: Cardboard shelving unit : mixed components
- Publisher: Thief River Falls, MN : Northwest Regional Library, 2013.
Content descriptions
| General Note: | Individual items in kit cannot be checked out. Book included: 163 p. ; 20 cm. : New York ; HarperTrophy, 2003. DVD included: 1 videodisc (ca. 96 ... Read More |
| Formatted Contents Note: | Contains 8 copies of book with 1 dvd. |
Search for related items by subject
| Subject: | Kits. Book club kits. Youth book club kits. |
Search for related items by series
| LDR | 01141com a2200277 4500 | ||
|---|---|---|---|
| 001 | 151735 | ||
| 003 | LARL_NWRL_CONSORTIUM | ||
| 020 | . | ‡a9780064401845 (pbk) | |
| 020 | . | ‡a0788871269 (DVD) | |
| 049 | . | ‡aNRG | |
| 245 | 0 | 0. | ‡aBridge to Terabithia ‡h[kit] : ‡byouth book club |
| 246 | 3 | 0. | ‡aYouth book club [kit] |
| 246 | 3 | 0. | ‡aYouth bookclub [kit] |
| 260 | . | ‡aThief River Falls, MN : ‡bNorthwest Regional Library, ‡c2013. | |
| 300 | . | ‡aCardboard shelving unit : ‡bmixed components | |
| 490 | 0 | . | ‡aYouth book club |
| 505 | 0 | . | ‡aContains 8 copies of book with 1 dvd. |
| 500 | . | ‡aIndividual items in kit cannot be checked out. | |
| 500 | . | ‡aBook included: 163 p. ; 20 cm. : New York ; HarperTrophy, 2003. DVD included: 1 videodisc (ca. 96 min.) : sd., col. ; 4 3/4 in. | |
| 650 | 0. | ‡aKits. | |
| 650 | 0. | ‡aBook club kits. | |
| 650 | 0. | ‡aYouth book club kits. | |
| 700 | 1 | . | ‡aPaterson, Katherine. ‡0(LARL_NWRL_CONSORTIUM)58478 |
| 700 | 1 | . | ‡aDiamond, Donna, ‡eill. ‡0(LARL_NWRL_CONSORTIUM)54422 |
| 901 | . | ‡a151735 ‡bISxN ‡c151735 ‡tbiblio | |

Add to basket
Permalink
Disable Highlighting